Dark Souls Quiz (name all the bosses) - Statistics

General Stats
  • This quiz has been taken 371 times
  • The average score is 13 of 25
Answer Stats
Answer % Correct
asylum demon
87%
Gwyn
85%
taurus demon
78%
Nito
68%
Bed of Chaos
65%
Four Kings
65%
gaping dragon
63%
Quelaag
63%
ornstein and smough
62%
Sif
62%
Gwyndolin
59%
Stray Demon
59%
bell gargoyles
57%
bell gargoyles
57%
Iron Golem
57%
Centipede Demon
54%
Ceaseless Discharge
51%
moonlight butterfly
51%
Demon Firesage
48%
Pinwheel
48%
Priscilla
44%
Seathe
23%
Hydra
16%
havel
7%
Black Hydra
1%
No matching quizzes found
Score Distribution
Percent of People with Each Score
Percentile by Number Answered
Your Score History
You have not taken this quiz